Vincitore del Sei Nazioni. - Statistics

Statistiche generali
  • Questo quiz è stato fatto 315 volte
    38 dall'ultimo reset
  • Il punteggio medio è 26 su 27
Statistiche sulle risposte
Anno Vincitore % Corretto
2002 Francia
100%
2004 Francia
100%
2006 Francia
100%
2007 Francia
100%
2010 Francia
100%
2022 Francia
100%
2025 Francia
100%
2026 Francia
100%
2000 Inghilterra
100%
2001 Inghilterra
100%
2011 Inghilterra
100%
2017 Inghilterra
100%
2003 Inghilterra (TC)
100%
2016 Inghilterra (TC)
100%
2020 Inghilterra (TC)
100%
2014 Irlanda
94%
2015 Irlanda
94%
2024 Irlanda
94%
2009 Irlanda (TC)
94%
2018 Irlanda (TC)
94%
2023 Irlanda (TC)
94%
2013 Galles
91%
2005 Galles (TC)
91%
2008 Galles (TC)
91%
2012 Galles (TC)
91%
2019 Galles (TC)
91%
2021 Galles (TC)
91%
Nessun quiz corrispondente trovato
Distribuzione punteggi
Percentuale di utenti per punteggio
Percentile per numero di risposta
I tuoi punteggi nel tempo
Non hai fatto questo quiz dall'ultimo reset